000 00325 a2200157 4500
001 68100
020 _a9783195117791
040 _cAnchieta - Pituba
100 _aAlberti, Josef
240 1 0 _aDabei! A1.2
_ldeu / ger
245 1 0 _aDabei! A1.2
300 _a79
362 0 _a2020
650 4 _aLíngua alemã
942 _cBK
999 _c68100
_d68100